<?xml version="1.0" encoding="UTF-8"?>
<record
    xmlns:xsi="http://www.w3.org/2001/XMLSchema-instance"
    xsi:schemaLocation="http://www.loc.gov/MARC21/slim http://www.loc.gov/standards/marcxml/schema/MARC21slim.xsd"
    xmlns="http://www.loc.gov/MARC21/slim">

  <leader>01745nam a2200277 a 4500</leader>
  <controlfield tag="001">BRCA_8756</controlfield>
  <controlfield tag="005">20190320210409.0</controlfield>
  <controlfield tag="008">140317s1786----sp-#######---#000-0#spa-#</controlfield>
  <datafield tag="041" ind1=" " ind2=" ">
    <subfield code="a">spa</subfield>
  </datafield>
  <datafield tag="044" ind1=" " ind2=" ">
    <subfield code="a">sp</subfield>
  </datafield>
  <datafield tag="084" ind1=" " ind2=" ">
    <subfield code="a">BE124</subfield>
    <subfield code="b">.M37 1786</subfield>
  </datafield>
  <datafield tag="100" ind1="1" ind2=" ">
    <subfield code="a">Mallison, Juan Bautista</subfield>
    <subfield code="9">21806</subfield>
  </datafield>
  <datafield tag="245" ind1="1" ind2="0">
    <subfield code="a">Conferencias y discursos sinodales sobre las principales obligaciones de los eclesi&#xE1;sticos</subfield>
    <subfield code="c">por el ilustr&#xED;simo se&#xF1;or D. Juan Bautista Mallison, Padre de la Congregaci&#xF3;n del Oratorio, uno de los quarenta de la Academia Francesa, y Obispo de Clermont.</subfield>
  </datafield>
  <datafield tag="250" ind1=" " ind2=" ">
    <subfield code="a">2a ed.</subfield>
  </datafield>
  <datafield tag="260" ind1=" " ind2=" ">
    <subfield code="a">Madrid</subfield>
    <subfield code="b">Por la viuda de Ibarra, Hijos y Compa&#xF1;&#xED;a</subfield>
    <subfield code="c">1786</subfield>
  </datafield>
  <datafield tag="300" ind1=" " ind2=" ">
    <subfield code="a">VI, 312 p. (t.12)</subfield>
    <subfield code="c">21 x 15 cm</subfield>
  </datafield>
  <datafield tag="500" ind1=" " ind2=" ">
    <subfield code="a">Con las licencias necesarias.</subfield>
  </datafield>
  <datafield tag="500" ind1=" " ind2=" ">
    <subfield code="a">Con marca de fuego: &#x201C;Procedencia de la marca: Convento de San Diego de M&#xE9;xico, D. F.(1). Instituci&#xF3;n: Orden de Frailes Menores Descalzos. Provincia de San Diego de M&#xE9;xico. Descripci&#xF3;n: Monograma que se desata como: S[an] Die[go]. Observaciones: Las marcas de este convento se diferencian por el motivo que corona al monograma: un diamante, un c&#xED;rculo o una plica. A la marca que consigna David Saavedra le falta el c&#xED;rculo. Ubicaci&#xF3;n de la marca en el libro: Canto superior; canto inferior&#x201D;</subfield>
  </datafield>
  <datafield tag="500" ind1=" " ind2=" ">
    <subfield code="a">Estado f&#xED;sico: presenta encuadernaci&#xF3;n en pergamino y algunas hojas manchadas</subfield>
  </datafield>
  <datafield tag="650" ind1="1" ind2="4">
    <subfield code="a">Sacerdotes</subfield>
    <subfield code="x">Derechos y obligaciones</subfield>
    <subfield code="y">Obras anteriores a 1800</subfield>
    <subfield code="z">Espa&#xF1;a</subfield>
    <subfield code="9">21807</subfield>
  </datafield>
  <datafield tag="700" ind1="1" ind2=" ">
    <subfield code="a">Ibarra, Joaquin (Viuda de)</subfield>
    <subfield code="e">Impresor</subfield>
    <subfield code="9">21808</subfield>
  </datafield>
  <datafield tag="700" ind1="1" ind2=" ">
    <subfield code="a">Ibarra, Joaquin (Hijos de)</subfield>
    <subfield code="e">Impresor</subfield>
    <subfield code="9">21809</subfield>
  </datafield>
  <datafield tag="856" ind1=" " ind2=" ">
    <subfield code="a">http://www.marcasdefuego.buap.mx:8180/xmLibris/projects/firebrand/item.jsp?repository=marcas_de_fuego&amp;key=69474dda.xml&amp;num=9</subfield>
  </datafield>
  <datafield tag="902" ind1=" " ind2=" ">
    <subfield code="a">CFM</subfield>
  </datafield>
  <datafield tag="942" ind1=" " ind2=" ">
    <subfield code="2">lcc</subfield>
    <subfield code="c">B</subfield>
  </datafield>
  <datafield tag="999" ind1=" " ind2=" ">
    <subfield code="c">8408</subfield>
    <subfield code="d">8408</subfield>
  </datafield>
  <datafield tag="952" ind1=" " ind2=" ">
    <subfield code="0">0</subfield>
    <subfield code="1">0</subfield>
    <subfield code="4">0</subfield>
    <subfield code="7">0</subfield>
    <subfield code="a">BRCA</subfield>
    <subfield code="b">BRCA</subfield>
    <subfield code="d">2017-03-14</subfield>
    <subfield code="l">0</subfield>
    <subfield code="o">BE124 .M37 1786</subfield>
    <subfield code="p">CFM00089</subfield>
    <subfield code="r">2019-03-22 00:00:00</subfield>
    <subfield code="w">2019-03-22</subfield>
    <subfield code="y">B</subfield>
  </datafield>
</record>
